National parks of India / (Record no. 66417)

MARC details
000 -LEADER
fixed length control field 00407nam a22001457a 4500
005 - DATE AND TIME OF LATEST TRANSACTION
control field 20190503125148.0
020 ## - INTERNATIONAL STANDARD BOOK NUMBER
International Standard Book Number 8123001789
Terms of availability 38.00
035 ## - SYSTEM CONTROL NUMBER
System control number A-798250, A-798246
037 ## - SOURCE OF ACQUISITION
Stock number DPL
Source of stock number/acquisition ENG
100 ## - MAIN ENTRY--PERSONAL NAME
Personal name Bisht, R.S.
245 ## - TITLE STATEMENT
Title National parks of India /
Statement of responsibility, etc by R.S. Bisht
260 ## - PUBLICATION, DISTRIBUTION, ETC. (IMPRINT)
Place of publication, distribution, etc New Delhi
Name of publisher, distributor, etc Publication Division
Date of publication, distribution, etc 1995
300 ## - PHYSICAL DESCRIPTION
Extent 136p.
Dimensions 20 cms.
942 ## - ADDED ENTRY ELEMENTS (KOHA)
Source of classification or shelving scheme Dewey Decimal Classification
Item type English Books
Classification part 333.783
Call number suffix BIS
Holdings
Withdrawn status Lost status Not for loan Collection code Home library Current library Date acquired Cost, normal purchase price Full call number Barcode Cost, replacement price Koha item type Source of acquisition Copy number
      Non-fiction Kasturba Gandhi Marg Kasturba Gandhi Marg 03/05/2019 38.00 333.783 BIS A-798246 38.00 English Books BPPD/PUB 1
      Non-fiction Sarojini Nagar Sarojini Nagar 10/05/2012 38.00 333.783 BIS A-798250 38.00 English Books    

© Delhi Public Library
Hit Counter
free hit counter